Statistics for World Map 3 Minute Country Reaction Test

Click here to take the quiz!

General Stats

  • This quiz has been taken 855 times
  • The average score is 37 of 91

Answers on the Map

Answers color-coded by a green-red scale on the quiz's map according to % correct below.
Loading ...
 

Answer Stats

Country% Correct
GO!
100%
Philippines
88%
Somalia
86%
Italy
86%
Belarus
84%
Morocco
83%
Kenya
82%
South Sudan
81%
Pakistan
81%
Kyrgyzstan
79%
Central African Republic
78%
Botswana
77%
Democratic Republic of the Congo
76%
Suriname
75%
Sudan
74%
Japan
73%
Mexico
72%
Angola
71%
Papua New Guinea
70%
Ukraine
70%
Laos
69%
Sweden
69%
Poland
68%
Mozambique
66%
United Kingdom
65%
Oman
61%
Tunisia
59%
Uzbekistan
58%
Gabon
55%
South Africa
54%
Saudi Arabia
53%
Zambia
52%
China
52%
Vietnam
51%
Guinea
48%
Canada
47%
Indonesia
47%
Uganda
43%
Tanzania
42%
Mauritania
41%
Bolivia
41%
Turkey
41%
Germany
40%
Spain
39%
Mongolia
39%
Guyana
36%
Colombia
35%
Republic of the Congo
33%
Cameroon
32%
Norway
31%
Algeria
30%
Russia
30%
Burkina Faso
28%
Argentina
27%
Romania
26%
Iraq
25%
Venezuela
25%
Niger
25%
Thailand
24%
Turkmenistan
23%
Ecuador
22%
Paraguay
21%
Australia
21%
Madagascar
20%
India
19%
Syria
19%
Kazakhstan
19%
Yemen
18%
Afghanistan
17%
Iran
16%
Peru
16%
Libya
15%
Mali
15%
New Zealand
11%
France
10%
Ghana
9%
Burma
9%
Cote d'Ivoire
9%
United States
9%
Finland
7%
Senegal
6%
Malaysia
6%
Brazil
6%
Ethiopia
6%
Cambodia
5%
Chile
4%
Nigeria
4%
Chad
4%
Uruguay
4%
Egypt
3%
Namibia
3%

Score Distribution

Percentile by Number Answered

Percent of People with Each Score

Your Score History

You have not taken this quiz